Guess the Morgan Wallen Song #1 - Statistics

General Stats
  • This quiz has been taken 1,645 times
  • The average score is 7 of 10
Answer Stats
Hint Answer % Correct
"So girl leave your boots by the bed / We ain't leaving this room" Cover Me Up
85%
"I really like this girl down in Jefferson City / She lets me fish whenever I want to" Thought You Should Know
84%
"All of this time and all of this money / All of these sorries I don't owe you honey" Wasted On You
83%
"I love you more than the felling when the bass hits the hook / When the guy gets the girl at the end of the book" More Than My Hometown
80%
"She's probably making out on the couch right now with someone new" Whiskey Glasses
76%
"Pull up 'til they shut 'em down / You never ain't not around / Don't matter what time or town" You Proof
71%
"Making mistakes and making new friends / Benn growing up and nothing made sense" This Bar
48%
"Girl since you left me / Benn trying to forget we / Ever became what we were" Bandaid On A Bullet hole
41%
"They started out blue like an East Tennessee June sky / Full of small town innocence / Guarded by a picket fence" Neon Eyes
41%
"Don't sit right there, don't sip on what they're pouring you" Warning
41%
No matching quizzes found
Score Distribution
Percent of People with Each Score
Percentile by Number Answered
Your Score History
You have not taken this quiz